An Experiential Grammar of the Vietnamese Clause /

Uloženo v:
Podrobná bibliografie
Hlavní autor: Hoàng Văn Vân
Médium: Kniha
Jazyk:English
Vydáno: Việt Nam, GDVN 2012.
Témata:
Tagy: Přidat tag
Žádné tagy, Buďte první, kdo otaguje tento záznam!
Thư viện lưu trữ: Mạng thư viện Đại học Đà Nẵng
LEADER 01003cam a22003011a 4500
001 000034529
003 10728
005 20220704092241.0
008 151027s2012 vm 000 eng
020 |a 300000Đ 
040 |a LNN 
041 |a ENG 
082 |a 425  |b HO-V 
100 |a Hoàng Văn Vân 
245 3 |a An Experiential Grammar of the Vietnamese Clause /  |c Hoàng, Văn Vân. 
260 |b GDVN  |a Việt Nam,  |c 2012. 
300 |a 358p. :  |b ill. ;  |c 24cm. 
650 |a An Experiential Grammar  |a Grammar  |a English grammar 
OWN |a LNN 
902 |a TKA 
AVA |a UDN50  |b LNN  |c English  |d 420.4 HO-V  |e available  |t Error 5001 Not defined in file expand_doc_bib_avail.  |f 8  |g 0  |h N  |i 0  |j AN 
999 |a From the UDN01 
AVA |a UDN50  |b LNN  |c English  |d 420.4 HO-V  |e available  |t Error 5001 Not defined in file expand_doc_bib_avail.  |f 8  |g 0  |h N  |i 0  |j AN 
TYP |a Monograph 
TYP |a Printed language 
980 |a Mạng thư viện Đại học Đà Nẵng